| 000 | 00811nam a2200241 4500 | ||
|---|---|---|---|
| 001 | 137541 | ||
| 003 | ES-MaACL | ||
| 005 | 20230906195408.0 | ||
| 007 | t| | ||
| 008 | 070214s1983 sp r ||||1| spa d | ||
| 017 | _aM 21207-1983 | ||
| 020 | _a84-220-1104-2 | ||
| 100 | 1 |
_aSánchez Caro, José Manuel. _9102525 |
|
| 245 | 1 | 0 |
_aEucaristía e historia de la salvación _b: estudio sobre la plegaria eucarística oriental / _cJosé Manuel Sánchez Caro. |
| 260 |
_aMadrid : _bLa Editorial Católica, _c1983. |
||
| 300 |
_aXXIX, 456 p., 1 h. ; _c20 cm. |
||
| 490 | 1 |
_aBiblioteca autores cristianos ; _v439 |
|
| 500 | _aÍndice. | ||
| 504 | _aBibliografía : p. [XIII]-XXVI. | ||
| 830 | 0 |
_aBiblioteca autores cristianos ; _v439 _9220103 |
|
| 852 |
_aES-MaACL _jJ-428 _bR.46092 |
||
| 999 |
_c137541 _d137541 |
||